Economía verde
Esta obra que nos ofrece María Gabriela Ensinck no solamente es importante y pertinente en relación con un "segmento" que se ha vuelto central en el mundo, el ambiente; sino por la notable actualidad de conceptos globales que despliega. Además, en ella la autora nos propor-ciona, en clave...
| Autor principal: | |
|---|---|
| Formato: | Desconocido |
| Idioma: | Indeterminado |
| Publicado: |
Argentina
Argentina
2020-02-04 08:46:00
|
| Acceso en línea: | Texto completo |
MARC
| LEADER | 00000 a2200000 4500 | ||
|---|---|---|---|
| 001 | ALPHAC_445762 | ||
| 003 | XX-XxUND | ||
| 008 | s2020 xx |||||||||||| ||||und d | ||
| 020 | |a 9789878347257 | ||
| 035 | |a 9789878347257 | ||
| 100 | 1 | |a Ensinck, M. |e author | |
| 245 | 1 | |a Economía verde | |
| 260 | |a Argentina |b Argentina |c 2020-02-04 08:46:00 | ||
| 300 | |a 151 | ||
| 520 | |a Esta obra que nos ofrece María Gabriela Ensinck no solamente es importante y pertinente en relación con un "segmento" que se ha vuelto central en el mundo, el ambiente; sino por la notable actualidad de conceptos globales que despliega. Además, en ella la autora nos propor-ciona, en clave de inquietud y advertencia, el "estado de situación" de América Latina y, en especial, de Argentina, país que retoma al final del texto desde un lugar preciso y necesario: sus desafíos ambientales. | ||
| 754 | 1 | |a category |c Ciencias Empresariales | |
| 856 | 4 | |u https://alphaeditorialcloud.uam.elogim.com/reader/economia-verde-1625147451 |z Texto completo | |


